|
|
|
|
| LEADER |
00000nas a2200000 a 4500 |
| 001 |
ssj0000985728 |
| 003 |
WaSeSS |
| 005 |
20200512172242.0 |
| 006 |
m d |
| 007 |
cr n |
| 008 |
120627c20139999sz br p s 0 a0eng |
| 010 |
|
|
|a 2012200346
|
| 015 |
|
|
|a GBB3B4790
|2 bnb
|
| 016 |
7 |
|
|a 016566299
|2 Uk
|
| 022 |
|
|
|a 2168-4804
|y 2168-4790
|
| 035 |
|
|
|a (WaSeSS)ssj0000985728
|
| 037 |
|
|
|b Sage Publications, 2455 Teller Rd., Thousand Oaks, CA 91320
|
| 040 |
|
|
|a DLC
|b eng
|c DLC
|d DLC
|d NUI
|d OCLCO
|d TXA
|d AGL
|d OCLCF
|d DLC
|d GPM
|d OCLCQ
|d NLE
|d KSU
|d AU@
|d UKMGB
|d UAB
|d CNTRU
|d VT2
|d OCLCQ
|d NLM
|d WaSeSS
|
| 042 |
|
|
|a pcc
|a nsdp
|
| 070 |
0 |
|
|a RM1
|b .D78
|
| 082 |
0 |
0 |
|a 615
|2 23
|
| 130 |
0 |
|
|a Therapeutic innovation & regulatory science (Online)
|
| 210 |
0 |
|
|a Ther. innov. regul. sci.
|b (Online)
|
| 222 |
|
0 |
|a Therapeutic innovation & regulatory science
|b (Online)
|
| 245 |
1 |
0 |
|a Therapeutic innovation & regulatory science
|h [electronic resource].
|
| 246 |
1 |
|
|a Therapeutic innovation and regulatory science
|
| 246 |
1 |
|
|a TIRS
|
| 260 |
|
|
|a [Thousand Oaks, CA] :
|b Sage Publications,
|c ©2013-
|
| 260 |
3 |
|
|3 2020- :
|a Cham, Switzerland :
|b Springer International Publishing
|
| 310 |
|
|
|a Six time a year
|
| 362 |
1 |
|
|a Began with: Vol. 47, no. 1 (Jan. 2013).
|
| 506 |
|
|
|a License restrictions may limit access.
|
| 550 |
|
|
|a "Official publication of DIA."
|
| 588 |
|
|
|a Description based on: Vol. 47, no. 1 (Jan. 2013); title from PDF table of contents (SAGE publications, viewed Apr. 17, 2013).
|
| 588 |
|
|
|a Latest issue consulted: Vol. 47, no. 1 (Jan. 2014) (SAGE publications, viewed Feb. 7, 2014).
|
| 650 |
|
0 |
|a Drugs
|v Periodicals.
|
| 650 |
|
0 |
|a Pharmacology
|v Periodicals.
|
| 650 |
|
0 |
|a Drugs
|x Research
|v Periodicals.
|
| 650 |
|
0 |
|a Drugs
|x Testing
|v Periodicals.
|
| 650 |
|
7 |
|a Drugs.
|2 fast
|0 (OCoLC)fst00898761
|
| 650 |
|
7 |
|a Drugs
|x Research.
|2 fast
|0 (OCoLC)fst00898894
|
| 650 |
|
7 |
|a Drugs
|x Testing.
|2 fast
|0 (OCoLC)fst00898940
|
| 650 |
|
7 |
|a Pharmacology.
|2 fast
|0 (OCoLC)fst01060259
|
| 655 |
|
0 |
|a Electronic journals.
|
| 710 |
2 |
|
|a Drug Information Association.
|
| 776 |
0 |
8 |
|i Print version:
|t Therapeutic innovation & regulatory science
|x 2168-4790
|w (DLC) 2012200347
|w (OCoLC)796938866
|
| 780 |
0 |
0 |
|t Drug information journal (Online)
|x 2164-9200
|w (DLC) 2011202585
|w (OCoLC)46885542
|
| 856 |
4 |
0 |
|z Full text available from Research Library: 2013 to 11/30/2017
|u https://search.proquest.com/publication/30058
|